[Event "Mechanics' Summer TNM; 30/90, SD/30"]
[Site "San Francisco"]
[Date "2012.07.03"]
[Round "7.7"]
[White "Traub, Igor"]
[Black "Zhao, Art"]
[Result "0-1"]
[WhiteElo "2135"]
[BlackElo "2004"]
[Annotator "Donaldson"]
[PlyCount "116"]
[EventDate "2012.??.??"]

1. d4 d5 2. Nf3 Nf6 3. Bg5 e6 4. e3 c5 5. c3 Nc6 6. Bd3 h6 7. Bh4 Be7 8. Nbd2
O-O 9. Rc1 Re8 10. O-O c4 11. Bb1 b5 12. e4 a5 13. h3 b4 14. e5 Nd7 15. Bxe7
Qxe7 16. Qc2 Nf8 17. Nh2 a4 18. Qd1 a3 19. bxa3 Rxa3 20. Qh5 bxc3 21. Ndf3 Nb4
22. g4 Nd3 23. g5 g6 24. Qxh6 Nxc1 25. Rxc1 c2 26. Bxc2 Nh7 27. Kg2 Qf8 28. Qh4
Qg7 29. Ng4 Rxa2 30. Nh6+ Kf8 31. Qf4 Ke7 32. Qd2 Kd8 33. Ng4 Qf8 34. Rb1 Qa3
35. Rb6 Re7 36. Rd6+ Rd7 37. Nh6 Ke8 38. Rc6 Bb7 39. Rc5 Qb2 40. Ne1 Ra1 41.
Nxf7 Rxe1 42. Nd6+ Kf8 43. Qxe1 Qxc2 44. Qb4 $4 (44. Rb5) (44. h4) 44... Qb3 $2
(44... Nxg5) (44... Qd3) 45. Qd2 $2 (45. Qxb3 cxb3 46. Rb5 Bc6 47. Rb8+ Kg7 48.
Ne8+ Kf7 49. Nd6+ Rxd6 50. exd6 Nxg5 51. Rxb3) 45... Qd3 46. Qf4+ Kg8 47. Rb5
c3 48. Rc5 Ba6 49. Kh2 c2 50. Ne8 Rf7 51. Nf6+ Nxf6 52. gxf6 Qd1 53. h4 Qf1 54.
h5 Qe2 55. hxg6 Qh5+ 56. Kg2 Qxg6+ 57. Qg3 Qxg3+ 58. fxg3 Bc4 0-1

[Event "Mechanics' Winter TNM; 30/90, SD/30"]
[Site "San Francisco"]
[Date "2012.01.17"]
[Round "3.3"]
[White "Traub, Igor"]
[Black "de Lenea, Digne"]
[Result "1-0"]
[WhiteElo "2126"]
[BlackElo "1868"]
[Annotator "Donaldson"]
[PlyCount "83"]
[EventDate "2012.??.??"]

1. Nf3 Nf6 2. d3 d5 3. Nbd2 c5 4. g3 Nc6 5. e4 d4 6. h3 e5 7. Bg2 Bd6 8. a4 h6
9. O-O O-O 10. Nh4 Be6 11. Nc4 Bc7 12. Nf5 Qd7 13. Qf3 Bxf5 14. exf5 Rfe8 15.
Re1 Nb4 16. Re2 Nbd5 17. Bd2 b6 18. Rae1 Qxa4 19. b3 Qd7 20. Nxe5 Bxe5 21. Rxe5
Rxe5 22. Rxe5 Rd8 23. g4 Qd6 24. Qe2 Nc3 (24... Ne3 $1) 25. Qe1 Nfd5 26. h4 Ne3
27. Bxc3 Qxe5 28. fxe3 dxc3 29. Be4 b5 30. g5 hxg5 31. hxg5 g6 32. Qh4 Qh8 33.
Qf4 Qh5 34. fxg6 Rf8 35. Kg2 a5 36. Kg3 a4 37. bxa4 bxa4 38. Qf6 Qh8 39. Bd5
Qxf6 40. gxf6 Rd8 41. Bxf7+ Kf8 42. Bc4 1-0

[Event "Mechanics' Fall TNM; 30/90, SD/30"]
[Site "San Francisco"]
[Date "2012.10.16"]
[Round "1.7"]
[White "Watson, Farid"]
[Black "Campers, Willie"]
[Result "1-0"]
[WhiteElo "2095"]
[BlackElo "1607"]
[PlyCount "99"]
[EventDate "2012.??.??"]

1. e4 e6 2. d4 d5 3. Nc3 Bb4 4. e5 c5 5. a3 cxd4 6. axb4 dxc3 7. b5 Qc7 8. Nf3
Nd7 9. Qd4 cxb2 10. Bxb2 Qxc2 11. Bd3 Qc7 12. O-O b6 13. Qg4 g6 14. Rac1 Qd8
15. Qf4 Nc5 16. Be2 Ne7 17. Nd4 Bb7 18. Qh6 Nf5 19. Nxf5 gxf5 20. Qg7 Rf8 21.
Ba3 Rc8 22. Rc3 Qh4 23. Rh3 Qe4 24. Bf3 Qa4 25. Bd1 Qxb5 26. Rxh7 Ba6 27. Re1
Qa5 28. Re3 Qb5 29. Re1 Qd3 30. Bh5 Rc7 31. Bb4 Qb3 32. Rh8 Rxh8 33. Qxh8+ Kd7
34. Bxc5 bxc5 35. Bxf7 Kc6 36. Bxe6 Bd3 37. Qf6 Kb7 38. Bxf5 Qc3 39. Rd1 Qc2
40. Bg4 c4 41. e6 Bg6 42. Qd4 Be4 43. f3 Bd3 44. Qxd5+ Kb8 45. Re1 Qd2 46. Qe5
Bg6 47. e7 c3 48. e8=Q+ Bxe8 49. Qxe8+ Kb7 50. Qb5+ 1-0

[Event "Mechanics' Summer TNM; 30/90, SD/30"]
[Site "San Francisco"]
[Date "2012.05.22"]
[Round "1.8"]
[White "Watson, Farid"]
[Black "Campers, Willie"]
[Result "1-0"]
[WhiteElo "2046"]
[BlackElo "1660"]
[PlyCount "85"]
[EventDate "2012.??.??"]

1. e4 e6 2. d4 d5 3. Nc3 Nf6 4. e5 Nfd7 5. f4 Be7 6. Nf3 c5 7. Be3 Nc6 8. Qd2
cxd4 9. Nxd4 O-O 10. O-O-O a6 11. h4 Bb4 12. a3 Ba5 13. Rh3 Nc5 14. Nxc6 bxc6
15. Bxc5 Re8 16. Qd4 Rb8 17. g4 Bb6 18. Na4 Bxc5 19. Nxc5 Rb6 20. g5 Qc7 21.
Rb3 Rxb3 22. Nxb3 a5 23. Qc5 a4 24. Nd4 Bd7 25. Bb5 Qa5 26. Qd6 Rd8 27. Bxc6
Be8 28. Qb4 Qa7 29. Bxe8 Rxe8 30. Nc6 Qe3+ 31. Kb1 g6 32. Qxa4 Kg7 33. Qd4 Qe2
34. Qd3 Qh2 35. Qf3 Rc8 36. Nd4 Rc5 37. b3 Rc8 38. h5 Ra8 39. a4 Rb8 40. hxg6
hxg6 41. Rh1 Qd2 42. Qh3 Rg8 43. Qh6# 1-0

[Event "Mechanics' Spring TNM; 30/90, SD/30"]
[Site "San Francisco"]
[Date "2012.03.27"]
[Round "3.10"]
[White "Watson, Farid"]
[Black "Ganesh, Vikram"]
[Result "1-0"]
[WhiteElo "2025"]
[BlackElo "1831"]
[PlyCount "79"]
[EventDate "2012.??.??"]

1. e4 e5 2. Nf3 Nc6 3. Bb5 a6 4. Bxc6 dxc6 5. d3 Bg4 6. Nbd2 Nf6 7. Nc4 Nd7 8.
h3 Bxf3 9. Qxf3 b5 10. Ne3 g6 11. O-O Bg7 12. b4 O-O 13. a4 Nb6 14. a5 Nc8 15.
Bb2 Nd6 16. Qe2 Qg5 17. Qg4 Qxg4 18. hxg4 Rae8 19. Rfe1 Re6 20. Re2 Bh6 21.
Rae1 Rfe8 22. g3 Nb7 23. Rf1 Bf8 24. f4 exf4 25. gxf4 Bxb4 26. f5 R6e7 27. Bf6
Rd7 28. Rh2 Bc5 29. Rf3 Bd4 30. Bxd4 Rxd4 31. Rfh3 Rd6 32. Rxh7 Re5 33. g5 Kf8
34. Ng4 Rc5 35. f6 Ke8 36. e5 Rd4 37. e6 Rxg4+ 38. Kh1 fxe6 39. Re7+ Kd8 40.
Rh8# 1-0

[Event "Mechanics' Spring TNM; 30/90, SD/30"]
[Site "San Francisco"]
[Date "2012.03.13"]
[Round "1.13"]
[White "Watson, Farid"]
[Black "Hilliard, Michael"]
[Result "1-0"]
[WhiteElo "2025"]
[BlackElo "1535"]
[PlyCount "77"]
[EventDate "2012.??.??"]

1. e4 c6 2. d4 d5 3. exd5 cxd5 4. Bd3 Nf6 5. h3 e6 6. Nf3 Bd6 7. O-O O-O 8. Re1
Nc6 9. c3 Bd7 10. Nbd2 Re8 11. Ne5 Qc7 12. f4 a6 13. Ndf3 b5 14. Ng5 b4 15.
Ngxf7 bxc3 16. bxc3 Re7 17. Nxd6 Qxd6 18. a4 Qc7 19. Ba3 Ree8 20. Qc2 Bc8 21.
Bc5 a5 22. Nxc6 Ba6 23. Ne5 Bxd3 24. Qxd3 Rac8 25. Rab1 Ne4 26. Rb5 Qd8 27. Kh2
Qh4 28. g3 Qd8 29. Kg2 Ra8 30. Rxe4 dxe4 31. Qxe4 Qc8 32. c4 Qd8 33. d5 exd5
34. Qxd5+ Qxd5+ 35. cxd5 Reb8 36. Rxb8+ Rxb8 37. d6 Rb2+ 38. Kf3 Rc2 39. d7 1-0

[Event "Mechanics' Summer TNM; 30/90, SD/30"]
[Site "San Francisco"]
[Date "2012.06.05"]
[Round "3.1"]
[White "Watson, Farid"]
[Black "Lee, Andy"]
[Result "1/2-1/2"]
[WhiteElo "2046"]
[BlackElo "2305"]
[PlyCount "88"]
[EventDate "2012.??.??"]

1. e4 c6 2. d4 d5 3. exd5 cxd5 4. Bd3 Nc6 5. c3 Qc7 6. Bg5 a6 7. a4 e5 8. dxe5
Nxe5 9. Nf3 Bg4 10. Be2 Be7 11. Be3 Nc4 12. Bd4 Nf6 13. Nbd2 O-O 14. O-O Nxd2
15. Nxd2 Bf5 16. Bf3 Ne4 17. Re1 Qf4 18. Be3 Qc7 19. Nb3 Rad8 20. Nd4 Bg6 21.
a5 Nc5 22. Nb3 Be4 23. Nxc5 Bxc5 24. Ra4 Bxf3 25. Qxf3 Rfe8 26. Raa1 Bxe3 27.
Rxe3 Re5 28. Rxe5 Qxe5 29. Qe3 Qxe3 30. fxe3 Kf8 31. Ra4 Ke7 32. Rb4 Rd7 33. g4
Kd6 34. Kf2 Kc6 35. g5 Re7 36. Kf3 g6 37. h4 Kc5 38. Kf4 Kc6 39. Kf3 Kd6 40.
Kf4 Kc5 41. Kf3 Kc6 42. Kf4 Kd6 43. Rb6+ Kc5 44. Rb4 Kd6 1/2-1/2

[Event "Mechanics' Summer TNM; 30/90, SD/30"]
[Site "San Francisco"]
[Date "2012.06.19"]
[Round "5.3"]
[White "Watson, Farid"]
[Black "Lopez, Jorge"]
[Result "1-0"]
[WhiteElo "2046"]
[BlackElo "2182"]
[PlyCount "51"]
[EventDate "2012.??.??"]

1. e4 c5 2. Nf3 Nc6 3. d4 cxd4 4. Nxd4 Qc7 5. Nc3 e6 6. Be3 Nf6 7. Nxc6 bxc6 8.
f4 Bb4 9. Bd3 c5 10. e5 c4 11. Be2 Nd5 12. Bd4 Nxf4 13. O-O Nxe2+ 14. Qxe2 Bb7
15. Rf4 f5 16. Nb5 Qc6 17. Nd6+ Bxd6 18. exd6 O-O 19. Be5 Rac8 20. Rd1 Qa6 21.
Bc3 Be4 22. Rh4 Rf7 23. Rh3 Qa4 24. Rd2 Rc5 25. Qh5 g6 26. Qxg6+ 1-0

[Event "Mechanics' Fall TNM; 30/90, SD/30"]
[Site "San Francisco"]
[Date "2012.11.27"]
[Round "7.8"]
[White "Watson, Farid"]
[Black "Maser, Thomas"]
[Result "1-0"]
[WhiteElo "2095"]
[BlackElo "1990"]
[PlyCount "95"]
[EventDate "2012.??.??"]

1. e4 e5 2. Nf3 Nc6 3. Bb5 a6 4. Ba4 d6 5. O-O Bd7 6. c3 Nf6 7. Re1 g6 8. d4
Qe7 9. Nbd2 Bg7 10. d5 Nb8 11. Bc2 O-O 12. b3 Bg4 13. Nf1 Nbd7 14. Bg5 h6 15.
Bd2 c5 16. Ne3 Bxf3 17. Qxf3 b5 18. g4 Nh7 19. Kh1 Qf6 20. Qg2 Qh4 21. Rf1 Ng5
22. f3 Nh3 23. Qg3 Qxg3 24. hxg3 Ng5 25. Kg2 Nf6 26. Rh1 Rfc8 27. Bd3 Nd7 28.
Rae1 f6 29. Ra1 Nf7 30. a4 b4 31. Nc4 a5 32. Rab1 Rcb8 33. Kf2 Nb6 34. Nxb6
Rxb6 35. cxb4 axb4 36. Bb5 g5 37. Bc6 Ra5 38. Rbc1 Nd8 39. Bb5 Ra7 40. Bxb4
Rxb5 41. axb5 Ra2+ 42. Ke3 Rb2 43. Bc3 Rxb3 44. Rh2 Rxb5 45. Ra2 Bf8 46. Ra8
Nf7 47. Rca1 Kg7 48. R1a7 1-0

[Event "Mechanics' Fall TNM; 30/90, SD/30"]
[Site "San Francisco"]
[Date "2012.11.06"]
[Round "4.4"]
[White "Watson, Farid"]
[Black "Morton, Adam"]
[Result "0-1"]
[WhiteElo "2095"]
[BlackElo "1894"]
[PlyCount "72"]
[EventDate "2012.??.??"]

1. e4 e5 2. Nf3 Nc6 3. Bb5 a6 4. Bxc6 dxc6 5. O-O Qf6 6. d4 exd4 7. Bg5 Qd6 8.
Qxd4 Qxd4 9. Nxd4 Ne7 10. Nd2 Bd7 11. N2b3 b6 12. Rfe1 f6 13. Bf4 O-O-O 14. a4
c5 15. Ne2 Nc6 16. a5 c4 17. axb6 cxb3 18. bxc7 Re8 19. Nc3 Nb4 20. Nd5 Nxd5
21. exd5 Rxe1+ 22. Rxe1 g5 23. Bg3 Bb4 24. c3 Bc5 25. h4 Re8 26. Rxe8+ Bxe8 27.
hxg5 fxg5 28. Be5 Bb5 29. g3 Bc4 30. Bf6 g4 31. Be5 a5 32. Bf4 a4 33. Bc1 Kxc7
34. Kg2 Bxd5+ 35. Kf1 Bf3 36. Ke1 Kc6 0-1

[Event "Mechanics' Spring TNM; 30/90, SD/30"]
[Site "San Francisco"]
[Date "2012.04.24"]
[Round "7.8"]
[White "Watson, Farid"]
[Black "Nagarajan, Pranav"]
[Result "0-1"]
[WhiteElo "2025"]
[BlackElo "1819"]
[PlyCount "110"]
[EventDate "2012.??.??"]

1. e4 c5 2. Nf3 Nc6 3. d4 cxd4 4. Nxd4 g6 5. Nc3 Bg7 6. Be3 Nf6 7. Bc4 Qa5 8.
O-O O-O 9. Bb3 d6 10. h3 Bd7 11. Qe1 Nxd4 12. Bxd4 Bc6 13. Nd5 Qd8 14. Nxf6+
exf6 15. Bd5 Re8 16. Qd2 Bxd5 17. exd5 f5 18. Bxg7 Kxg7 19. Qd4+ Qf6 20. Qxf6+
Kxf6 21. Rfe1 Rac8 22. Rxe8 Rxe8 23. Kf1 Rc8 24. c3 Rc5 25. Rd1 h6 26. f4 b5
27. Ke2 b4 28. cxb4 Rc4 29. g3 Rxb4 30. b3 a5 31. Ke3 Re4+ 32. Kd3 a4 33. Rc1
axb3 34. axb3 Rb4 35. Rb1 g5 36. Kc3 Re4 37. fxg5+ hxg5 38. b4 Re3+ 39. Kd4
Rxg3 40. b5 Rxh3 41. b6 Rh8 42. b7 Rb8 43. Rb6 Ke7 44. Kc4 f4 45. Kb5 f3 46.
Kc6 f2 47. Rb1 g4 48. Kc7 Rg8 49. Ra1 Rd8 50. Ra4 Rd7+ 51. Kc6 Rxb7 52. Re4+
Kf8 53. Rf4 g3 54. Kxb7 g2 55. Rxf2 g1=Q 0-1

[Event "Mechanics' Spring TNM; 30/90, SD/30"]
[Site "San Francisco"]
[Date "2012.05.01"]
[Round "8.10"]
[White "Watson, Farid"]
[Black "Persidsky, Andre"]
[Result "1-0"]
[WhiteElo "2025"]
[BlackElo "1795"]
[PlyCount "77"]
[EventDate "2012.??.??"]

1. e4 c5 2. Nf3 Nc6 3. d4 cxd4 4. Nxd4 e5 5. Nb5 d6 6. N1c3 a6 7. Na3 Be6 8.
Nc4 b5 9. Ne3 Nf6 10. g3 Rc8 11. Bg2 Be7 12. Ncd5 O-O 13. O-O Re8 14. c3 Bf8
15. a4 Bxd5 16. exd5 Ne7 17. axb5 axb5 18. Ng4 Nxg4 19. Qxg4 Rc4 20. Qe2 Qb8
21. Be3 Nf5 22. Ra6 Nxe3 23. Qxe3 Ra4 24. Rb6 Qa8 25. Rxb5 Rc8 26. Bh3 Rd8 27.
b3 Ra3 28. Qb6 Ra6 29. Qb7 Ra5 30. Qxa8 Raxa8 31. Rb7 g6 32. f4 e4 33. f5 g5
34. f6 e3 35. Bg4 Bh6 36. Re1 Re8 37. Re2 Ra1+ 38. Kg2 Rc1 39. Re7 1-0

[Event "Mechanics' Fall TNM; 30/90, SD/30"]
[Site "San Francisco"]
[Date "2012.11.13"]
[Round "5.11"]
[White "Watson, Farid"]
[Black "Sherwood, Peter"]
[Result "1/2-1/2"]
[WhiteElo "2095"]
[BlackElo "1780"]
[PlyCount "129"]
[EventDate "2012.??.??"]

1. e4 c5 2. Nf3 d6 3. d4 cxd4 4. Nxd4 Nf6 5. Nc3 a6 6. Be2 e5 7. Nb3 Be6 8. Bg5
Be7 9. Qd2 Nbd7 10. Rd1 O-O 11. O-O Qc7 12. Rfe1 Rfd8 13. Qe3 Rac8 14. h3 b5
15. a3 Nb6 16. Bd3 Bc4 17. Qe2 Bxd3 18. cxd3 Qb7 19. Rc1 Rc7 20. Be3 Rdc8 21.
g3 Nbd7 22. Qf3 b4 23. Na5 Qb8 24. axb4 Qxb4 25. Nc4 Nc5 26. Bxc5 Rxc5 27. Qe2
Qb7 28. Ra1 h6 29. Ra2 Ra8 30. Ne3 Qd7 31. Kg2 Bd8 32. Rea1 a5 33. Qd2 Qc8 34.
Ra3 Qb7 35. R1a2 Qb4 36. Ra4 Qb7 37. b4 Rcc8 38. bxa5 Qa6 39. Nc4 Rcb8 40. R2a3
Rb7 41. Nb6 Rab8 42. Ncd5 Nxd5 43. Nxd5 Rb2 44. Qe1 Bg5 45. Rb4 R8xb4 46. Nxb4
Qb5 47. a6 Rxb4 48. a7 Ra4 49. Qa1 Rxa7 50. Rxa7 Qxd3 51. Qa4 Qe2 52. Qe8+ Kh7
53. Qxf7 Qxe4+ 54. Kh2 Qg6 55. Qf8 Qf6 56. Qxf6 Bxf6 57. Rd7 Kg6 58. Rxd6 Kf7
59. Kg2 Ke7 60. Ra6 Kf7 61. Kf3 Kg6 62. Ke4 Kg5 63. Ra5 Kg6 64. Rxe5 Bxe5 65.
Kxe5 {W had a winning position, but in extreme time pressure W stalemated B.}
1/2-1/2

[Event "Mechanics' Fall TNM; 30/90, SD/30"]
[Site "San Francisco"]
[Date "2012.12.11"]
[Round "9.8"]
[White "Watson, Farid"]
[Black "Solomonik, Edgar"]
[Result "0-1"]
[WhiteElo "2095"]
[BlackElo "1651"]
[Annotator "Donaldson"]
[PlyCount "58"]
[EventDate "2012.??.??"]

1. e4 c6 2. d4 d5 3. exd5 cxd5 4. c4 Nf6 5. Nc3 Nc6 6. Bf4 e6 7. Nf3 Be7 8. Be2
O-O 9. O-O dxc4 10. Bxc4 a6 11. a3 b5 12. Ba2 b4 13. axb4 Nxb4 14. Bb1 Bb7 15.
Ne5 Rc8 16. Qd2 Nbd5 17. Nxd5 Nxd5 18. Be3 Bb4 19. Qd3 f5 20. Bd2 Qd6 21. Ba2
Rfd8 22. Rfd1 Bxd2 23. Qxd2 Nc7 24. Qg5 Bd5 25. Bxd5 Nxd5 26. h4 $11 Rc2 27.
Rd3 h6 28. Qg6 $4 Qe7 $4 (28... Nf4) 29. Rxa6 $4 Nf4 0-1

[Event "Mechanics' Summer TNM; 30/90, SD/30"]
[Site "San Francisco"]
[Date "2012.06.26"]
[Round "6.1"]
[White "Watson, Farid"]
[Black "Zavadsky, Peter"]
[Result "0-1"]
[WhiteElo "2046"]
[BlackElo "2307"]
[PlyCount "115"]
[EventDate "2012.??.??"]

1. e4 c5 2. Nf3 d6 3. d4 cxd4 4. Nxd4 Nf6 5. Nc3 e6 6. Be3 Be7 7. Be2 Nc6 8.
O-O O-O 9. Kh1 a6 10. f4 Qc7 11. a4 Re8 12. Bf3 Rb8 13. Qe1 Bd7 14. Qf2 Nxd4
15. Bxd4 e5 16. Bb6 Qc8 17. f5 Bc6 18. Rad1 Nd7 19. Be3 b5 20. a5 Qc7 21. g4
Qxa5 22. g5 Bf8 23. Bh5 Qb4 24. g6 hxg6 25. fxg6 Bxe4+ 26. Nxe4 Qxe4+ 27. Bf3
Qxg6 28. Bd5 Re6 29. Bxe6 Qxe6 30. Rg1 Nf6 31. Qh4 Rc8 32. Rd3 Rxc2 33. Bf2 Qf5
34. Rh3 Qe4+ 35. Rg2 Qxh4 36. Bxh4 Rc1+ 37. Rg1 Rxg1+ 38. Kxg1 Ne4 39. Ra3 d5
40. Rxa6 d4 41. Kf1 g5 42. Bg3 Nxg3+ 43. hxg3 g4 44. Ra8 Kg7 45. Rd8 f6 46. Ke2
Be7 47. Rd5 b4 48. Kd3 Kf7 49. Rb5 Ke6 50. Rb7 f5 51. Rb6+ Kd5 52. b3 e4+ 53.
Kd2 Bd6 54. Rb5+ Bc5 55. Rb8 d3 56. Rd8+ Bd6 57. Ke3 Ke6 58. Kf2 0-1

[Event "Mechanics' Mar TNM; 30/90, SD/30"]
[Site "San Francisco"]
[Date "2012.08.14"]
[Round "3.7"]
[White "Wiggins, Nelson"]
[Black "Goins, Demetrius"]
[Result "0-1"]
[WhiteElo "2044"]
[BlackElo "2129"]
[PlyCount "58"]
[EventDate "2012.??.??"]

1. d4 d5 2. c4 e6 3. Nc3 Nf6 4. cxd5 exd5 5. Bg5 Nbd7 6. e3 c6 7. Bd3 Be7 8.
Nge2 Ne4 9. Bxe7 Qxe7 10. Qc2 Ndf6 11. O-O O-O 12. Rae1 Bf5 13. f3 Nxc3 14.
Nxc3 Bxd3 15. Qxd3 Rad8 16. a3 Rd6 17. b4 Re8 18. Re2 Re6 19. Rfe1 a5 20. bxa5
Qxa3 21. Ra2 Qe7 22. Kf2 Qc7 23. g3 Ra8 24. Rb1 Rxa5 25. Rxa5 Qxa5 26. Rxb7 g6
27. Qc2 Qa6 28. Rb8+ Kg7 29. Na4 $4 (29. Ne2 $14) 29... Ng4+ $1 0-1

[Event "Mechanics' Mar TNM; 30/90, SD/30"]
[Site "San Francisco"]
[Date "2012.08.07"]
[Round "2.16"]
[White "Wiggins, Nelson"]
[Black "Newey, Richard"]
[Result "1-0"]
[WhiteElo "2044"]
[BlackElo "1721"]
[PlyCount "113"]
[EventDate "2012.??.??"]

1. d4 Nf6 2. c4 g6 3. Nc3 d5 4. cxd5 Nxd5 5. e4 Nxc3 6. bxc3 Bg7 7. Nf3 c5 8.
Rb1 O-O 9. Be2 b6 10. Be3 Ba6 11. Bxa6 Nxa6 12. O-O Rc8 13. Qa4 cxd4 14. cxd4
Nc7 15. Qxa7 Ra8 16. Qxb6 Rxa2 17. d5 Qd6 18. Qxd6 exd6 19. Rfc1 Na6 20. Rc6 f5
21. exf5 Rxf5 22. Rxd6 Nb4 23. Rd8+ Rf8 24. Rd7 Bb2 25. h3 Nc2 26. Bh6 Re8 27.
Rxb2 Rxb2 28. Rg7+ Kh8 29. Ng5 Rf8 30. d6 Nd4 31. Rxh7+ Kg8 32. Rg7+ Kh8 33.
Rxg6 Ne2+ 34. Kh2 Nf4 35. Bxf8 Nxg6 36. d7 Rd2 37. d8=Q Rxd8 38. Nf7+ Kg8 39.
Nxd8 Nxf8 40. g4 Ng6 41. Kg3 Kg7 42. f4 Kf6 43. h4 Ke7 44. Nc6+ Kd6 45. Nd4 Kd5
46. Nf3 Ke4 47. f5 Nf4 48. Ng1 Ke5 49. Kf3 Nd3 50. Ke3 Nb4 51. Nf3+ Kf6 52. Kf4
Na6 53. g5+ Ke7 54. f6+ Ke6 55. Nd4+ Kf7 56. Kf5 Kg8 57. g6 1-0

[Event "Mechanics' Summer TNM; 30/90, SD/30"]
[Site "San Francisco"]
[Date "2012.06.19"]
[Round "5.6"]
[White "Winslow, Elliott"]
[Black "Anderson, Michael"]
[Result "1-0"]
[WhiteElo "2365"]
[BlackElo "1900"]
[PlyCount "57"]
[EventDate "2012.??.??"]

1. Nf3 c5 2. c4 Nc6 3. d4 cxd4 4. Nxd4 a6 5. Nc3 e6 6. e4 Nge7 7. Nc2 g6 8. Be3
Bg7 9. Qd2 h5 10. Be2 b6 11. O-O Bb7 12. Rfd1 Ne5 13. f4 Ng4 14. Bxg4 hxg4 15.
Bd4 f6 16. Qf2 Nc8 17. Qg3 Kf7 18. Qxg4 f5 19. exf5 Bxd4+ 20. Nxd4 gxf5 21.
Nxf5 Rh7 22. Ng3 Rh4 23. Rxd7+ Qxd7 24. Qxh4 Qd4+ 25. Kh1 Ne7 26. Qh7+ Ke8 27.
Nge4 Rd8 28. Qh5+ Kf8 29. Rd1 1-0

[Event "Mechanics' Spring TNM; 30/90, SD/30"]
[Site "San Francisco"]
[Date "2012.05.01"]
[Round "8.3"]
[White "Winslow, Elliott"]
[Black "Byambaa, Uyanga"]
[Result "1-0"]
[WhiteElo "2380"]
[BlackElo "2029"]
[PlyCount "99"]
[EventDate "2012.??.??"]

1. e4 c5 2. Nf3 d6 3. d4 cxd4 4. Nxd4 a6 5. c4 Nf6 6. Nc3 g6 7. f3 Bg7 8. Be3
O-O 9. Qd2 Nc6 10. Be2 Bd7 11. O-O Rc8 12. Rfc1 Ne5 13. b3 Nh5 14. g4 Nf6 15.
Kg2 e6 16. Rc2 Ne8 17. Rd1 f5 18. h3 Kh8 19. f4 Nc6 20. exf5 exf5 21. g5 Nc7
22. Bf3 Re8 23. Bf2 Ne6 24. Nxe6 Rxe6 25. Nd5 Qf8 26. Bb6 Be8 27. Kg3 h6 28. h4
Bf7 29. Nc7 Re7 30. Qxd6 Rd8 31. Qc5 Rxd1 32. Bxd1 Bd4 33. Qxd4+ Nxd4 34. Bxd4+
Kh7 35. Nd5 Bxd5 36. cxd5 Rd7 37. Bf3 Qb4 38. Be5 Qe1+ 39. Kg2 Qxh4 40. Rc8 Rg7
41. d6 hxg5 42. d7 gxf4 43. d8=Q Qg3+ 44. Kf1 Qxf3+ 45. Ke1 Qe4+ 46. Kd1 Qb1+
47. Rc1 Qxa2 48. Qh4+ Kg8 49. Rc8+ Kf7 50. Qf6# 1-0

[Event "Mechanics' Fall TNM; 30/90, SD/30"]
[Site "San Francisco"]
[Date "2012.12.04"]
[Round "8.1"]
[White "Winslow, Elliott"]
[Black "Byambaa, Uyanga"]
[Result "1/2-1/2"]
[WhiteElo "2293"]
[BlackElo "2093"]
[PlyCount "59"]
[EventDate "2012.??.??"]

1. d4 Nf6 2. c4 g6 3. Nc3 Bg7 4. e4 d6 5. f4 O-O 6. Nf3 c5 7. d5 e6 8. Be2 exd5
9. e5 dxe5 10. fxe5 Ng4 11. Bg5 f6 12. exf6 Bxf6 13. Qxd5+ Qxd5 14. Nxd5 Bxg5
15. Nxg5 Nc6 16. Nc7 Rb8 17. Nge6 Bxe6 18. Nxe6 Rfe8 19. Bxg4 Nd4 20. O-O-O
Nxe6 21. Rd7 Nd4 22. Rf1 h5 23. Bd1 Rf8 24. Re1 Rf2 25. Ree7 Rxg2 26. Rg7+ Kh8
27. Rh7+ Kg8 28. Rdg7+ Kf8 29. Bxh5 Re8 30. Rf7+ 1/2-1/2

[Event "Mechanics' Spring TNM; 30/90, SD/30"]
[Site "San Francisco"]
[Date "2012.04.17"]
[Round "6.5"]
[White "Winslow, Elliott"]
[Black "De Lenea, Digne"]
[Result "1/2-1/2"]
[WhiteElo "2380"]
[BlackElo "1873"]
[PlyCount "41"]
[EventDate "2012.??.??"]

1. e4 e6 2. d4 c5 3. Nf3 cxd4 4. Nxd4 Bc5 5. Nb3 Bb6 6. Nc3 Nc6 7. f4 Nge7 8.
Bc4 Na5 9. Nxa5 Bxa5 10. O-O Bxc3 11. bxc3 d5 12. exd5 exd5 13. Bb5+ Bd7 14.
Bxd7+ Qxd7 15. Ba3 O-O 16. f5 f6 17. Qd3 Rfe8 18. Rad1 Rad8 19. c4 d4 20. c3
Nc6 21. cxd4 1/2-1/2

[Event "Mechanics' Mar TNM; 30/90, SD/30"]
[Site "San Francisco"]
[Date "2012.08.28"]
[Round "5.1"]
[White "Winslow, Elliott"]
[Black "Fuentes, Romulo"]
[Result "1-0"]
[WhiteElo "2342"]
[BlackElo "2205"]
[Annotator "Winslow,Elliott"]
[PlyCount "99"]
[EventDate "2012.??.??"]

1. e4 c5 2. Nf3 d6 3. Bb5+ Nc6 4. O-O Bd7 5. c3 Nf6 6. Re1 a6 7. Bf1 Bg4 8. h3
Bxf3 9. Qxf3 e5 10. a4 Be7 11. Na3 Qc7 12. Nc4 Na5 13. Nxa5 Qxa5 14. b3 O-O 15.
Bb2 Qb6 16. Bc4 Qc6 17. a5 Rad8 18. d4 Rfe8 19. Bd5 Nxd5 20. exd5 Qc7 21. dxe5
dxe5 22. c4 Bd6 23. Bc3 f6 24. g4 Rb8 25. h4 Qf7 26. Kg2 h6 (26... g6 $1) 27.
h5 Qd7 28. Re4 Rf8 29. Qf5 Qxf5 30. gxf5 Kf7 31. Bd2 Rfe8 32. Kf3 b5 33. axb6
Rxb6 34. Ra3 Reb8 35. Re3 Ra8 36. Ba5 Rb7 37. Ke4 Rab8 38. Rd3 Re7 39. f3 Ke8
40. Bd2 Ra8 41. Be3 (41. Ra5) 41... a5 42. Rd1 Rea7 43. Rda1 Kd7 44. Ra4 Ra6
45. Bd2 Bc7 46. b4 cxb4 47. Bxb4 Rb8 48. c5 Rb5 49. Ba3 Rb3 50. Rg1 1-0

[Event "Mechanics' Fall TNM; 30/90, SD/30"]
[Site "San Francisco"]
[Date "2012.11.27"]
[Round "7.1"]
[White "Winslow, Elliott"]
[Black "Fuentes, Romulo"]
[Result "1/2-1/2"]
[WhiteElo "2293"]
[BlackElo "2217"]
[PlyCount "78"]
[EventDate "2012.??.??"]

1. d4 Nf6 2. c4 e6 3. Nf3 c5 4. d5 exd5 5. cxd5 Bd6 6. g3 O-O 7. Bg2 Re8 8. O-O
a6 9. a4 Bf8 10. Nfd2 d6 11. Nc3 Nbd7 12. h3 Rb8 13. Nc4 Qc7 14. a5 b5 15. axb6
Nxb6 16. b3 Nxc4 17. bxc4 g6 18. Qd3 Bg7 19. Bd2 Nd7 20. f4 f5 21. Rac1 Nf6 22.
Rfe1 Rb2 23. Rb1 Rb4 24. e4 Rxb1 25. Qxb1 Nxe4 26. Nxe4 fxe4 27. Rxe4 Bd4+ 28.
Kh2 Bd7 29. Rxe8+ Bxe8 30. Qe1 Bf7 31. h4 Qb6 32. h5 gxh5 33. Ba5 Qb7 34. Qe2
Bf6 35. Bh3 Kg7 36. Bf5 Qb3 37. Bc7 a5 38. Bxa5 Qb7 39. Kh3 Qa7 1/2-1/2

[Event "Mechanics' Summer TNM; 30/90, SD/30"]
[Site "San Francisco"]
[Date "2012.07.10"]
[Round "8.2"]
[White "Winslow, Elliott"]
[Black "Gaffagan, Steven"]
[Result "1-0"]
[WhiteElo "2365"]
[BlackElo "2047"]
[PlyCount "97"]
[EventDate "2012.??.??"]

1. d4 Nf6 2. c4 g6 3. g3 Bg7 4. Bg2 O-O 5. Nc3 d6 6. Nf3 c6 7. O-O Nbd7 8. e4
e5 9. Rb1 Qb6 10. d5 Nc5 11. Ne1 cxd5 12. cxd5 Bg4 13. Qc2 Rfc8 14. Be3 Qd8 15.
f3 Bd7 16. Qd2 b5 17. b4 Na4 18. Nxa4 bxa4 19. Nc2 Bb5 20. Rfc1 Nd7 21. Na3 a6
22. Nxb5 axb5 23. Bf1 Rab8 24. Rc6 Rxc6 25. dxc6 Nf6 26. Rc1 Ne8 27. Qf2 Nc7
28. Ba7 Bh6 29. Rd1 Ne6 30. Rd5 Nd4 31. Bxd4 exd4 32. Qxd4 Qc7 33. Bxb5 Bg7 34.
Qd3 h5 35. Kg2 a3 36. Qxa3 h4 37. Qa5 Qc8 38. Rxd6 h3+ 39. Kf1 Ra8 40. c7 Rxa5
41. Rd8+ Kh7 42. Rxc8 Rxa2 43. Rd8 Rxh2 44. c8=Q Rh1+ 45. Ke2 h2 46. Qh3+ Bh6
47. Rh8+ Kxh8 48. Qxh6+ Kg8 49. Bc4 1-0

[Event "Mechanics' Mar TNM; 30/90, SD/30"]
[Site "San Francisco"]
[Date "2012.08.14"]
[Round "3.1"]
[White "Winslow, Elliott"]
[Black "Grey, Peter"]
[Result "1-0"]
[WhiteElo "2342"]
[BlackElo "2014"]
[PlyCount "79"]
[EventDate "2012.??.??"]

1. Nf3 Nf6 2. c4 c5 3. g3 d5 4. cxd5 Nxd5 5. Bg2 Nc6 6. Nc3 Nc7 7. O-O e5 8. b3
Be7 9. Bb2 O-O 10. Rc1 f6 11. Ne1 Bd7 12. f4 Rb8 13. Nd3 exf4 14. gxf4 Nd4 15.
e3 Nf5 16. Rf2 Be6 17. Qc2 Qd7 18. Ne4 b6 19. Ng3 Rbd8 20. Nb4 cxb4 21. Qxc7
Qxc7 22. Rxc7 Rd7 23. Rxd7 Bxd7 24. Nxf5 Bxf5 25. e4 Bd7 26. d4 Rc8 27. Bf1 b5
28. Bd3 a5 29. Rc2 Rxc2 30. Bxc2 a4 31. Kf2 Kf7 32. d5 a3 33. Bd4 g6 34. Bd3 h6
35. e5 fxe5 36. fxe5 Bf5 37. e6+ Kf8 38. Bxf5 gxf5 39. Be5 Ke8 40. Kf3 1-0